000 00438nam a2200133Ia 4500
008 260210s9999 xx 000 0 und d
024 _aNot available
082 _a621.38456072 MUH
100 _aMuhammad Usman Ahmad, Syed Muhammad Waqas & Parvaiz Q. Velji
245 0 _aRemote Process Control Using Cellular Phone SMS
260 _aKarachi:
_bUITU,
_c2000
600 _aElectronic Engineering
650 _aBachelor of Engineering (BE)
999 _c32869
_d32869